01320 a2200181 45000010006000000050017000060080041000230030015000640400040000790800095001192450103002142640029003173000019003465050721003650410008010861000018010947000026011125679020260407155831.0260407a1945 arg spa dAR-UNSa-BCEJYS aAR-UNSa-BCEJYSbspacAR-UNSa-BCEJYS a330.8xHistoria de las teorías, Doctrinas, Dogmas económicos (pensamiento económico)10aHistoria de las doctrinas relativas al crédito y a la monedapdesde John Law hasta la actualidad 1aBarcelona :bBoschc1945 a498 p.c22 cm. a1. Confusión del crédito y de la moneda en la economía política del siglo XVIII – 2. La acción de los metales preciosos sobre el nivel de los precios y sobre el tipo de int5eres según las doctrinas del siglo XVIII – 3. Thornton, Ricardo y el “Bullion Report” – 4. El historiador Tooke y el lógico Ricardo – 5. Tooke, creador de la doctrina del crédito. Controversia del “Currency” y del “Banking Principles” – 6. Producción de oro y movimiento de los precios (1850 – 1936) – 7. Mecanismo de acción del oro y del tipo de descuento sobre los precios – 8. La teoría general de la moneda a principios del siglo XX – 9. La teoría de los bancos centrales de emisión  aspa1 aRist, Charles1 aSchop Santos, Ernesto